All Municipalities of Jász-Nagykun-Szolnok County, Hungary on a Map - Statistics

General Stats
  • This quiz has been taken 402 times
  • The average score is 40 of 78
Answers on the Map
Answers color-coded by a green-red scale on the quiz's map according to % correct below.
 
Answer Stats
Answer % Correct
Szolnok
100%
Jászberény
92%
Karcag
86%
Jászapáti
83%
Tiszafüred
83%
Törökszentmiklós
82%
Mezőtúr
78%
Abádszalók
75%
Kunmadaras
73%
Kisújszállás
71%
Jászárokszállás
70%
Jászfényszaru
68%
Kunszentmárton
68%
Túrkeve
68%
Fegyvernek
65%
Tiszabura
65%
Jászfelsőszentgyörgy
64%
Szajol
64%
Kunhegyes
62%
Martfű
62%
Jászalsószentgyörgy
61%
Tiszabő
58%
Tiszaföldvár
58%
Tiszaigar
58%
Jászladány
57%
Tiszaroff
57%
Jászkisér
56%
Tiszagyenda
56%
Jászdózsa
55%
Zagyvarékas
55%
Cserkeszőlő
53%
Öcsöd
53%
Berekfürdő
52%
Alattyán
51%
Jánoshida
51%
Jászjákóhalma
51%
Jászszentandrás
51%
Tiszakürt
51%
Tiszasas
49%
Cibakháza
48%
Kenderes
48%
Tiszaderzs
48%
Tiszaszőlős
47%
Újszász
47%
Jászivány
45%
Rákóczifalva
45%
Tószeg
45%
Jásztelek
44%
Kétpó
44%
Rákócziújfalu
43%
Tiszaörs
43%
Tiszaszentimre
43%
Tiszavárkony
43%
Örményes
42%
Pusztamonostor
42%
Besenyszög
40%
Kuncsorba
40%
Tiszainoka
40%
Tiszasüly
40%
Tomajmonostora
40%
Jászboldogháza
39%
Szelevény
39%
Tiszapüspöki
39%
Tiszatenyő
39%
Csépa
38%
Jászágó
38%
Tiszajenő
38%
Kengyel
35%
Mezőhék
34%
Nagyiván
34%
Nagykörű
32%
Mesterszállás
31%
Hunyadfalva
30%
Kőtelek
30%
Nagyrév
30%
Vezseny
30%
Szászberek
29%
Csataszög
27%
No matching quizzes found
Score Distribution
Percent of People with Each Score
Percentile by Number Answered
Your Score History
You have not taken this quiz